[Event "4NCL 2009-10"]
[Site "Sunningdale ENG"]
[Date "2010.05.01"]
[Round "9"]
[White "Parker,J"]
[Black "Mah,K"]
[Result "1/2-1/2"]
[WhiteElo "2523"]
[BlackElo "2417"]
[EventDate "2009.10.24"]

1. d4 d6 2. c4 e5 3. Nf3 e4 4. Ng5 f5 5. Nc3 Be7 6. Nh3 Nf6 7. g3 c6 8. Bg2
Na6 9. O-O O-O 10. f3 exf3 11. Bxf3 Qb6 12. b3 Bd7 13. Nf2 Rae8 14. e3 Kh8
15. Bb2 Nc7 16. Na4 Qa6 17. Rc1 b5 18. cxb5 Qxb5 19. Nc3 Qa5 1/2-1/2

[Event "4NCL 2009-10"]
[Site "Sunningdale ENG"]
[Date "2010.05.01"]
[Round "9"]
[White "Dearing,E"]
[Black "Turner,Ma"]
[Result "1/2-1/2"]
[WhiteElo "2406"]
[BlackElo "2508"]
[EventDate "2009.10.24"]

1. d4 Nf6 2. c4 e6 3. g3 d5 4. Nf3 Be7 5. Bg2 O-O 6. O-O dxc4 7. Qc2 a6 8.
a4 Bd7 9. Qxc4 Bc6 10. Bf4 a5 11. Nc3 Na6 12. Rad1 Nb4 13. Ne5 Bxg2 14.
Kxg2 c6 15. e4 Qb6 16. Qe2 Qa6 17. Qf3 Rad8 18. Rd2 Nd7 19. Ng4 f5 20. exf5
exf5 21. Ne3 Nc5 22. d5 Nbd3 23. Rfd1 Rd7 24. Nf1 Nxf4+ 25. Qxf4 Bf6 26.
Ne3 g6 27. dxc6 Rxd2 1/2-1/2

[Event "4NCL 2009-10"]
[Site "Sunningdale ENG"]
[Date "2010.05.01"]
[Round "9"]
[White "D'Costa,L"]
[Black "Moskovic,D"]
[Result "1-0"]
[WhiteElo "2479"]
[BlackElo "2307"]
[EventDate "2009.10.24"]

1. d4 Nf6 2. c4 g6 3. Nc3 Bg7 4. e4 d6 5. h3 O-O 6. Nf3 a6 7. Bd3 c5 8. d5
b5 9. O-O e6 10. Re1 exd5 11. cxd5 Re8 12. Bf4 Nh5 13. Bh2 Be5 14. Nxe5
dxe5 15. Qd2 Qf6 16. Bf1 Nd7 17. a4 b4 18. Nd1 Bb7 19. Ne3 Qg5 20. Nc4 Qxd2
21. Nxd2 f5 22. f3 f4 23. Rec1 Rec8 24. Rc2 Kf8 25. Nb3 Ke7 26. Na5 Rcb8
27. Nc6+ Bxc6 28. dxc6 Ndf6 29. Rxc5 Kd6 30. Rac1 Rc8 31. Kf2 g5 32. Ke1
Ng7 33. c7 Ne6 34. Rc6+ Kd7 35. Bxa6 Rxc7 36. Bb5 Rca7 37. Bg1 Rxa4 38.
Ra6+ 1-0

[Event "4NCL 2009-10"]
[Site "Sunningdale ENG"]
[Date "2010.05.01"]
[Round "9"]
[White "Pinter,G"]
[Black "Cox,JohnJ"]
[Result "1-0"]
[WhiteElo "2349"]
[BlackElo "2378"]
[EventDate "2009.10.24"]

1. e4 e5 2. Nf3 Nc6 3. d4 exd4 4. Nxd4 Bc5 5. Nb3 Bb6 6. Qe2 Nge7 7. Be3 d6
8. Nc3 O-O 9. O-O-O f5 10. f4 fxe4 11. Bxb6 axb6 12. Qxe4 Bf5 13. Bc4+ Kh8
14. Qe2 Qd7 15. h3 Ng6 16. Rhf1 Rae8 17. Qd2 Be6 18. Bxe6 Qxe6 19. Nd5 Qd7
20. g4 Nge7 21. Nc3 Ng8 22. a3 Qd8 23. Qd3 Rf7 24. Nd2 Ref8 25. f5 Ne5 26.
Qg3 g6 27. fxg6 Rxf1 28. Nxf1 Qg5+ 29. Nd2 hxg6 30. Kb1 Rf7 31. Qg2 Nc6 32.
h4 Qe5 33. Nf3 Qe3 34. Rd3 Qe8 35. Ng5 Rg7 36. Rd1 Nh6 37. Nd5 Qc8 38. Rg1
Ne5 39. Nf6 Ng8 40. Nd5 Nh6 41. Nf6 Qd8 42. Rf1 Qc8 43. Rf4 c6 44. Qf2 Re7
45. Nd5 Re8 46. Ne7 Nhxg4 47. Nxc8 Nxf2 48. Nxd6 1-0

[Event "4NCL 2009-10"]
[Site "Sunningdale ENG"]
[Date "2010.05.01"]
[Round "9"]
[White "Collins,S IRL"]
[Black "Pickard,C"]
[Result "1-0"]
[WhiteElo "2431"]
[BlackElo "2191"]
[EventDate "2009.10.24"]

1. e4 c5 2. c3 d5 3. exd5 Qxd5 4. d4 Nc6 5. Nf3 Nf6 6. Be3 cxd4 7. cxd4 e6
8. Nc3 Qd6 9. a3 Be7 10. Bd3 a6 11. O-O b5 12. Rc1 Bb7 13. Bb1 Rd8 14. Qc2
Ng4 15. h3 Nxe3 16. fxe3 f5 17. Ba2 O-O 18. d5 Ne5 19. Nd4 Bg5 20. Rce1
exd5 21. Rxf5 Bf6 22. Ne4 Qb6 23. Nxf6+ gxf6 24. Ref1 Nc4 25. Qf2 Bc8 26.
Rh5 Rf7 27. Bb1 Re7 28. Re1 Rde8 29. Qg3+ Rg7 30. Bxh7+ Kf8 31. Qf4 Re4 32.
Bxe4 1-0

[Event "4NCL 2009-10"]
[Site "Sunningdale ENG"]
[Date "2010.05.01"]
[Round "9"]
[White "Eckersley Waites,A"]
[Black "Ferguson,M"]
[Result "1/2-1/2"]
[WhiteElo "2197"]
[BlackElo "2410"]
[EventDate "2009.10.24"]

1. e4 e5 2. Nf3 Nc6 3. Bb5 f5 4. d3 fxe4 5. dxe4 Nf6 6. Qd3 d6 7. Nc3 a6 8.
Ba4 b5 9. Bb3 Na5 10. Bg5 c6 11. O-O Be7 12. Rfd1 Nxb3 13. axb3 O-O 14.
Bxf6 Rxf6 15. Nxe5 Qe8 16. Nf3 Bg4 17. Re1 Bxf3 18. gxf3 Qh5 19. Kg2 Rg6+
20. Kf1 Qxh2 21. Ke2 Rg2 22. Rf1 Bh4 23. Qd4 Kh8 24. Nd1 d5 25. Qc5 dxe4
26. fxe4 h6 27. b4 Rd8 28. Ra3 Bg5 29. Rd3 Qh5+ 30. Ke1 Qe8 31. Nc3 Be7 32.
Rxd8 Bxd8 33. Rh1 Bf6 34. Kf1 Rg4 35. f3 Rg5 36. Qe3 Qd7 37. Ke1 Rg2 38. e5
Bxe5 39. Kf1 Qd2 40. Rxh6+ gxh6 41. Qxe5+ Kg8 42. Qe8+ Kg7 43. Qe5+ 1/2-1/2

[Event "4NCL 2009-10"]
[Site "Sunningdale ENG"]
[Date "2010.05.01"]
[Round "9"]
[White "Knott,S"]
[Black "Beckett,C"]
[Result "1-0"]
[WhiteElo "2348"]
[BlackElo "2098"]
[EventDate "2009.10.24"]

1. Nf3 Nf6 2. c4 e6 3. g3 c5 4. Bg2 d5 5. cxd5 exd5 6. d4 Nc6 7. O-O c4 8.
b3 cxb3 9. Qxb3 Be7 10. Ba3 O-O 11. Bxe7 Qxe7 12. Nc3 Be6 13. Rab1 Rab8 14.
e3 h6 15. Ne5 Qd6 16. Nb5 Qd8 17. Qa3 Nxe5 18. dxe5 Nd7 19. f4 Bf5 20. Rbd1
Nb6 21. Nd6 Bg4 22. Rd4 Be2 23. Rf2 Nc4 24. Nxc4 Bxc4 25. Rfd2 Qb6 26. Rb2
Qc6 27. e4 dxe4 28. Bxe4 Qa6 29. Qxa6 Bxa6 30. Rd7 Rfd8 31. Rbd2 Rxd7 32.
Rxd7 Bc4 33. a3 Ba6 34. Bd5 Rf8 35. Kf2 g5 36. f5 b6 37. Rxa7 Bd3 38. f6
Bf5 39. Ke3 Be6 40. Bxe6 fxe6 41. Rg7+ Kh8 42. Re7 Ra8 43. Rxe6 Rxa3+ 44.
Ke4 h5 45. Kf5 h4 46. Kg6 Ra8 47. f7 1-0

[Event "4NCL 2009-10"]
[Site "Sunningdale ENG"]
[Date "2010.05.01"]
[Round "9"]
[White "Chevannes,S"]
[Black "Lauterbach,I"]
[Result "0-1"]
[WhiteElo "2062"]
[BlackElo "2163"]
[EventDate "2009.10.24"]

1. d4 g6 2. e4 d6 3. Nc3 Bg7 4. Nf3 Nd7 5. Be3 a6 6. a4 b6 7. Bd3 e6 8. Qd2
Bb7 9. O-O h6 10. Ne1 Ne7 11. f4 f5 12. Qf2 Nf6 13. exf5 Ng4 14. Qg3 exf5
15. h3 Nxe3 16. Qxe3 O-O 17. Bc4+ Kh7 18. Qd2 d5 19. Bb3 c5 20. Nf3 Nc6 21.
Ne2 c4 22. Ba2 b5 23. Ne5 bxa4 24. Bb1 Nxe5 25. fxe5 Qb6 26. Rxa4 Bc6 27.
Ra2 Bxe5 28. Kh1 Bc7 29. Nf4 Rae8 30. c3 Bb7 31. Bc2 Qd6 32. g3 Qe7 33.
Raa1 g5 34. Nh5 Bc8 35. Rae1 Qf7 36. g4 Rxe1 37. Qxe1 Qg6 38. Bxf5 Bxf5 39.
Rxf5 Rxf5 40. gxf5 Qxf5 41. Qe7+ Kg6 42. Qxc7 Kxh5 43. Kg2 Qe4+ 44. Kg1
Qb1+ 45. Kg2 Qxb2+ 46. Kg1 Qb1+ 47. Kg2 Qe4+ 48. Kg1 Kh4 49. Qd6 Qe3+ 50.
Kg2 Qxh3+ 51. Kf2 Qf5+ 52. Kg2 Qe4+ 53. Kg1 h5 54. Qe5 Qg4+ 55. Kh2 Qf4+
56. Kg1 Qf3 57. Kh2 Qh3+ 58. Kg1 Qxc3 59. Qxd5 Qg3+ 60. Kh1 Qe1+ 61. Kg2
Qe2+ 62. Kg1 c3 0-1

[Event "4NCL 2009-10"]
[Site "Sunningdale ENG"]
[Date "2010.05.01"]
[Round "9"]
[White "Howell,D"]
[Black "Berczes,D"]
[Result "1/2-1/2"]
[WhiteElo "2613"]
[BlackElo "2521"]
[EventDate "2009.10.24"]

1. e4 c6 2. d4 d5 3. f3 e6 4. Nc3 Nf6 5. Be3 Be7 6. Qd2 O-O 7. e5 Nfd7 8.
f4 c5 9. Nf3 Nc6 10. Be2 a6 11. O-O b5 12. Nd1 b4 13. Nf2 Qb6 14. dxc5 Bxc5
15. Bxc5 Nxc5 16. Qe3 d4 17. Qd2 Rd8 18. Nd3 Bb7 19. Qe1 h6 20. Nd2 Nxd3
21. cxd3 Ne7 22. Nc4 Qc5 23. Rc1 Bd5 24. Bf3 Qb5 25. Be4 Nf5 26. Bxf5 exf5
27. Qd2 b3 28. a4 Qe8 29. Qa5 Qe6 30. Nb6 Rab8 31. Nxd5 Rxd5 32. Qc7 Qb6
33. Qe7 Qb4 34. Qa7 Qb6 35. Qc7 Qxc7 36. Rxc7 Rb4 37. Ra1 Ra5 38. Rc8+ Kh7
39. Kf2 Rbxa4 40. Rxa4 Rxa4 41. Rb8 Ra1 42. Rxb3 Rd1 43. h3 Rd2+ 44. Kf3 h5
45. Kg3 a5 46. Kh4 Kg6 47. g4 hxg4 48. hxg4 Rg2 49. Rb6+ f6 50. g5 Rg4+ 51.
Kh3 Rxf4 52. gxf6 gxf6 53. Rxf6+ Kg5 54. Kg2 Rg4+ 55. Kf3 Rh4 56. Kg3 Rg4+
57. Kf3 1/2-1/2

[Event "4NCL 2009-10"]
[Site "Sunningdale ENG"]
[Date "2010.05.01"]
[Round "9"]
[White "Pert,R"]
[Black "Flear,G"]
[Result "0-1"]
[WhiteElo "2457"]
[BlackElo "2497"]
[EventDate "2009.10.24"]

1. d4 d5 2. c4 e6 3. Nc3 Nf6 4. cxd5 exd5 5. Bg5 Be7 6. e3 c6 7. Bd3 Bg4 8.
Nge2 Bh5 9. Qb3 Qb6 10. Nf4 Bg6 11. Qc2 Bxd3 12. Nxd3 Nbd7 13. O-O O-O 14.
Rab1 Qd8 15. b4 a6 16. a4 Nb6 17. Nc5 Nc4 18. Nxb7 Qc8 19. Bxf6 Bxf6 20.
Nc5 Na3 21. Qd3 Nxb1 22. Rxb1 Be7 23. a5 Bxc5 24. bxc5 f5 25. f4 Re8 26.
Rb6 Re6 27. Ne2 Qe8 28. Kf2 Qh5 29. Ng3 Qxh2 30. Nxf5 Rae8 31. Qe2 Qxf4+
32. exf4 Rxe2+ 33. Kg1 Rf8 34. Ng3 Ra2 35. f5 Rxa5 36. Rxc6 Ra3 37. Kh2 h5
38. Rg6 h4 39. Nh5 Rxf5 40. Nxg7 Kf7 41. Rxa6 Rxa6 42. Nxf5 Ra4 43. Kh3 Kf6
44. Kg4 Ra2 45. Nxh4 Rd2 46. Nf3 Rxg2+ 47. Kf4 Re2 48. Ng5 Re7 49. Nf3 Re4+
50. Kg3 Kf5 51. Nh4+ Kg5 52. Nf3+ Kf6 53. Kf2 Kf5 54. c6 Re8 55. Ne5 Ke4
56. c7 Rc8 57. Nf7 Rxc7 58. Nd6+ Kd3 59. Kf3 Rd7 60. Nf5 Rf7 0-1

[Event "4NCL 2009-10"]
[Site "Sunningdale ENG"]
[Date "2010.05.01"]
[Round "9"]
[White "Hebden,M"]
[Black "Martin,Andrew"]
[Result "1-0"]
[WhiteElo "2503"]
[BlackElo "2423"]
[EventDate "2009.10.24"]

1. d4 c5 2. d5 Nf6 3. Nc3 g6 4. e4 d6 5. Nf3 Bg7 6. Be2 O-O 7. O-O Na6 8.
Re1 Nc7 9. a4 b6 10. Bf4 Bb7 11. Qd2 a6 12. Bh6 Qd7 13. Bxg7 Kxg7 14. Rab1
e6 15. b4 exd5 16. bxc5 dxe4 17. Ng5 d5 18. Rxb6 Bc6 19. Qd4 1-0

[Event "4NCL 2009-10"]
[Site "Sunningdale ENG"]
[Date "2010.05.01"]
[Round "9"]
[White "Ward,C"]
[Black "Sowray,P"]
[Result "1-0"]
[WhiteElo "2431"]
[BlackElo "2318"]
[EventDate "2009.10.24"]

1. d4 Nf6 2. c4 g6 3. Nc3 d5 4. Nf3 Bg7 5. Bg5 Ne4 6. Bh4 Nxc3 7. bxc3 dxc4
8. Qa4+ Qd7 9. Qxc4 b6 10. e3 Ba6 11. Qb3 Bxf1 12. Kxf1 O-O 13. Ke2 c5 14.
dxc5 Nc6 15. Rhd1 Qc8 16. Rab1 bxc5 17. Qc4 Rb8 18. Rxb8 Qxb8 19. Qxc5 Rc8
20. Kf1 Nd4 21. Qa5 Nxf3 22. gxf3 Bxc3 23. Qa6 Be5 24. Bxe7 Bxh2 25. f4 Re8
26. Bf6 Qa8 27. Qb5 Rf8 28. Qd5 Qc8 29. Kg2 Bxf4 30. exf4 Qg4+ 31. Kf1 Qxf4
32. Qd6 Qc4+ 33. Kg2 Re8 34. Bd4 Qe2 35. Qf6 Kf8 36. Bc5+ Kg8 37. Bd4 Kf8
38. Qg7+ Ke7 39. Bc5+ Ke6 40. Rd6+ Kf5 41. Qxf7+ Kg4 42. Rd4+ 1-0

[Event "4NCL 2009-10"]
[Site "Sunningdale ENG"]
[Date "2010.05.01"]
[Round "9"]
[White "Houska,Jo"]
[Black "Grafl,F"]
[Result "1/2-1/2"]
[WhiteElo "2381"]
[BlackElo "2426"]
[EventDate "2009.10.24"]

1. d4 f5 2. g3 Nf6 3. Bg2 g6 4. Nf3 Bg7 5. O-O O-O 6. c4 d6 7. Nc3 Nc6 8.
d5 Ne5 9. Nxe5 dxe5 10. Qb3 e4 11. c5 Kh8 12. Rd1 e6 13. dxe6 Qe7 14. Be3
b6 15. a4 Bxe6 16. Qa3 Ng4 17. Bf4 Ne5 18. Nd5 Qf7 19. Ne3 Nc4 20. Nxc4
Bxc4 21. Bf1 Rfd8 22. Rac1 Rxd1 23. Rxd1 Bb3 24. Rc1 Bf8 25. Be3 Rd8 26. a5
b5 27. Qb4 a6 28. Bd4+ Kg8 29. Qc3 c6 30. e3 Be6 31. Be2 1/2-1/2

[Event "4NCL 2009-10"]
[Site "Sunningdale ENG"]
[Date "2010.05.01"]
[Round "9"]
[White "Hunt,H"]
[Black "Tiller,B"]
[Result "1/2-1/2"]
[WhiteElo "2452"]
[BlackElo "2378"]
[EventDate "2009.10.24"]

1. e4 e6 2. d4 d5 3. Nd2 c5 4. exd5 exd5 5. Ngf3 Nc6 6. Bb5 c4 7. Ne5 Bd7
8. Bxc6 Bxc6 9. O-O Nf6 10. Re1 Be7 11. Nxc6 bxc6 12. Qe2 a5 13. b3 cxb3
14. axb3 Kf8 15. Bb2 Bb4 16. c3 Bd6 17. Qd3 g6 18. Nf3 Kg7 19. Ne5 Qb6 20.
c4 Bb4 21. Re3 Rhe8 22. Rh3 Bf8 23. Rf3 Re6 24. c5 Qb8 25. Qd2 Qb5 26. Qg5
Ra7 27. Bc1 Qe2 28. Qd2 Qxd2 29. Bxd2 Bxc5 30. dxc5 Rxe5 31. Bc3 Rf5 32.
Rxf5 gxf5 33. Bxa5 Kg6 34. Bc3 Rb7 35. b4 Ne4 36. Be1 d4 37. f3 Nc3 38. Ra6
Rxb4 39. Rxc6+ f6 40. Rd6 Rc4 41. Kf2 Nb5 42. Rd5 Nc7 43. Rd6 Nb5 44. Rd5
Nc7 45. Rd6 Nb5 1/2-1/2

[Event "4NCL 2009-10"]
[Site "Sunningdale ENG"]
[Date "2010.05.02"]
[Round "10"]
[White "McShane,L"]
[Black "Wells,P"]
[Result "1-0"]
[WhiteElo "2615"]
[BlackElo "2489"]
[EventDate "2009.10.24"]

1. e4 c6 2. Nf3 d5 3. Nc3 Bg4 4. h3 Bxf3 5. Qxf3 e6 6. a3 Nd7 7. g3 g6 8.
d3 Bg7 9. Bg2 Ne7 10. O-O O-O 11. Qe2 Re8 12. Bg5 h6 13. Bd2 b5 14. Nd1 a5
15. Rb1 c5 16. Ne3 Kh7 17. h4 f5 18. c3 Rc8 19. Rfe1 d4 20. cxd4 cxd4 21.
Nf1 Nc5 22. Nh2 Nb3 23. Qd1 a4 24. Nf3 Nc6 25. Re2 Qf6 26. Qe1 Nc5 27. Qd1
fxe4 28. dxe4 Nb3 29. Ne1 Nxd2 30. Qxd2 Qd8 31. Nd3 Na5 32. e5 Nb3 33. Qb4
Qd7 34. Be4 Bf8 35. Qe1 Kg7 36. Nf4 Rc5 37. Rd1 Rec8 38. Bxg6 Rc1 39. Kh2
Rxd1 40. Qxd1 Rc1 41. Qd3 Nc5 42. Nh5+ Kh8 43. Qf3 Qe7 44. Nf4 Kg8 45. Nd3
Nxd3 46. Bxd3 Rc5 47. Qe4 1-0

[Event "4NCL 2009-10"]
[Site "Sunningdale ENG"]
[Date "2010.05.02"]
[Round "10"]
[White "McNab,C"]
[Black "Hammer,J"]
[Result "0-1"]
[WhiteElo "2466"]
[BlackElo "2585"]
[EventDate "2009.10.24"]

1. Nf3 c5 2. c4 g6 3. g3 Bg7 4. Bg2 Nc6 5. Nc3 e6 6. d4 cxd4 7. Nb5 d5 8.
cxd5 exd5 9. Nbxd4 Nge7 10. O-O O-O 11. Be3 Re8 12. Re1 Bg4 13. Nxc6 Nxc6
14. Nd4 Qf6 15. Nxc6 bxc6 16. Rc1 Rac8 17. h3 Bf5 18. g4 Be4 19. Bxa7 Bxg2
20. Kxg2 Qxb2 21. Rc2 Qb4 22. Bc5 Qa4 23. e3 Re4 24. Qd3 h5 25. f3 Re6 26.
Rb1 Rce8 27. Rb7 Qa8 28. Rb3 Qa5 29. Qd2 Qd8 30. a4 hxg4 31. hxg4 f5 32.
Rb4 Bh6 33. Qc3 Qc7 34. Bb6 Qf7 35. Re2 f4 36. e4 Qd7 37. Bf2 Bf8 38. Rb3
dxe4 39. fxe4 Rxe4 40. Rxe4 Rxe4 41. Qf3 Rxa4 42. Rb8 Rc4 43. Kh3 g5 44.
Qa3 Qg7 45. Kg2 Qf7 46. Qd3 Qe6 47. Kh3 f3 48. Qxf3 Rf4 49. Qe3 Qxe3+ 0-1

[Event "4NCL 2009-10"]
[Site "Sunningdale ENG"]
[Date "2010.05.02"]
[Round "10"]
[White "Baburin,A"]
[Black "Palliser,R"]
[Result "1/2-1/2"]
[WhiteElo "2550"]
[BlackElo "2435"]
[EventDate "2009.10.24"]

1. d4 Nf6 2. Nf3 g6 3. c4 Bg7 4. g3 c5 5. Bg2 cxd4 6. Nxd4 O-O 7. Nc3 Qc7
8. Nd5 Nxd5 9. cxd5 Qa5+ 10. Bd2 Qb6 11. Bc3 e5 12. Nb3 d6 13. O-O Bd7 14.
Qd2 Na6 15. Rfc1 Rac8 16. e3 Nc5 17. Nxc5 Rxc5 18. Bb4 Rxc1+ 19. Rxc1 Rc8
20. Rxc8+ Bxc8 21. Qc3 Bf5 22. Ba5 e4 23. Bxb6 Bxc3 24. bxc3 axb6 25. c4
Kg7 26. Kf1 Kf6 27. Ke1 Ke5 28. Kd2 Bd7 29. Bf1 b5 30. cxb5 1/2-1/2

[Event "4NCL 2009-10"]
[Site "Sunningdale ENG"]
[Date "2010.05.02"]
[Round "10"]
[White "Buckley,Si"]
[Black "Pert,N"]
[Result "1/2-1/2"]
[WhiteElo "2348"]
[BlackElo "2541"]
[EventDate "2009.10.24"]

1. c4 Nf6 2. Nc3 e5 3. Nf3 Nc6 4. d3 Bb4 5. Bd2 O-O 6. e3 d5 7. a3 Bxc3 8.
Bxc3 d4 9. Bd2 e4 10. Nxd4 Nxd4 11. exd4 Re8 12. Be3 Ng4 13. Qd2 Bf5 14.
O-O-O Nxe3 15. fxe3 Qg5 16. Qf2 exd3 17. Bxd3 Bxd3 18. Rxd3 Re4 19. Rf1 Rf8
20. Qd2 Rfe8 21. Rf4 h5 22. Qf2 R4e7 23. Qf3 g6 24. h4 Qa5 25. e4 b5 26. c5
b4 27. e5 bxa3 28. Rxa3 Qe1+ 29. Qd1 Qb4 30. Qd2 Qc4+ 31. Qc2 Qb4 32. Qd2
Qc4+ 33. Qc2 Qb4 34. Qc3 Qb7 35. Qf3 c6 36. Qb3 Qc8 37. Qc4 Rb7 38. Raf3
Ree7 39. Rf6 Qg4 40. g3 Kg7 41. Qc3 Re6 42. Qe3 Rxf6 43. Rxf6 Rb4 44. Rf4
Rc4+ 45. Kd2 Qe6 46. b3 1/2-1/2

[Event "4NCL 2009-10"]
[Site "Sunningdale ENG"]
[Date "2010.05.02"]
[Round "10"]
[White "Gordon,S"]
[Black "Townsend,M"]
[Result "1-0"]
[WhiteElo "2535"]
[BlackElo "2222"]
[EventDate "2009.10.24"]

1. d4 e6 2. c4 d5 3. Nf3 c5 4. cxd5 exd5 5. Bg5 Be7 6. Bxe7 Qxe7 7. Nc3 Nf6
8. dxc5 Qxc5 9. e3 O-O 10. Be2 Nc6 11. O-O Bg4 12. Rc1 Rad8 13. Qb3 Qe7 14.
Nb5 Bxf3 15. Bxf3 a6 16. Nc3 d4 17. Bxc6 dxc3 18. Bf3 cxb2 19. Qxb2 Ne4 20.
Rfd1 Rxd1+ 21. Rxd1 b5 22. Qd4 Ng5 23. Bg4 g6 24. h4 Ne4 25. Bf3 Nc5 26. h5
gxh5 27. Bxh5 Ne6 28. Qe5 Rd8 29. Rc1 Qg5 30. Bxf7+ Kxf7 31. Rc7+ Kf8 32.
Qh8+ 1-0

[Event "4NCL 2009-10"]
[Site "Sunningdale ENG"]
[Date "2010.05.02"]
[Round "10"]
[White "Fidalgo Fernandez,L"]
[Black "Arakhamia-Grant,K"]
[Result "0-1"]
[WhiteElo "2115"]
[BlackElo "2499"]
[EventDate "2009.10.24"]

1. d4 Nf6 2. Nf3 g6 3. Bf4 Bg7 4. e3 d6 5. Be2 O-O 6. O-O Nh5 7. Bg5 h6 8.
Bh4 f5 9. Ne1 Nf6 10. Bxf6 Bxf6 11. f4 e5 12. c3 c5 13. Qb3+ Kh7 14. Nf3
Nc6 15. Rd1 e4 16. Nfd2 Qe7 17. Nc4 Rb8 18. a4 g5 19. d5 Nd8 20. Nba3 Nf7
21. g3 Bd7 22. Bh5 Be8 23. Be2 Rg8 24. Kh1 b6 25. Nd2 Nd8 26. Rg1 Bf7 27.
Rad1 Nb7 28. Ndc4 Na5 29. Qc2 Nxc4 30. Nxc4 g4 31. Na3 Qb7 32. Rd2 h5 33.
Bb5 a6 34. Bc6 Qc7 35. b4 h4 36. b5 a5 37. Nc4 Rg6 38. Rgg2 Rh8 39. Kg1 Kg7
40. Kf1 Rgh6 41. Rdf2 Kf8 42. Nd2 Bg6 43. Nc4 Ke7 44. Ke2 Qb8 45. Kd2 Kd8
46. Kc1 Kc7 47. Kb2 R8h7 48. Qc1 hxg3 49. hxg3 Rh1 50. Rf1 Qh8 51. Rxh1
Rxh1 52. Qc2 Bxc3+ 53. Kb3 Be1 54. Re2 Bxg3 55. Nxa5 bxa5 56. b6+ Kxb6 57.
Kc4 Kc7 58. Qd2 Qb8 59. Bb5 Rb1 60. Qxa5+ Qb6 61. Qa8 Bf7 62. Qf8 Rc1+ 63.
Kb3 Bxd5+ 64. Kb2 Rd1 65. Kc2 Rd3 66. Qe7+ Kb8 67. Qe8+ Ka7 68. Qd7+ Qb7
69. Qxf5 Bb3+ 70. Kb1 Rd1+ 71. Kb2 Bxa4 0-1

[Event "4NCL 2009-10"]
[Site "Sunningdale ENG"]
[Date "2010.05.02"]
[Round "10"]
[White "Adams,Mi"]
[Black "D'Costa,L"]
[Result "1/2-1/2"]
[WhiteElo "2682"]
[BlackElo "2479"]
[EventDate "2009.10.24"]

1. e4 c5 2. Nf3 e6 3. d4 cxd4 4. Nxd4 Nf6 5. Nc3 d6 6. g4 h6 7. h3 Nc6 8.
Bg2 Bd7 9. Be3 a6 10. f4 Qc7 11. Qf3 Be7 12. Qf2 g5 13. Nxc6 Bxc6 14. O-O-O
gxf4 15. Bxf4 Nd7 16. Kb1 O-O-O 17. Rhe1 Nc5 18. Bg3 Rh7 19. Nd5 Bxd5 20.
exd5 Kb8 21. dxe6 fxe6 22. Qd2 e5 23. Bd5 Bg5 24. Qb4 Rf8 25. Rf1 Rhh8 26.
h4 Be7 27. a3 Nd7 28. Rf3 Nb6 29. Rc3 Nxd5 30. Rxd5 Qd7 31. Bxe5 dxe5 32.
Rxd7 Bxb4 33. axb4 Rf4 34. b5 Rc8 35. bxa6 Rxc3 36. Rxb7+ Ka8 37. bxc3 Rxg4
38. Re7 e4 39. h5 Rh4 40. Re5 Ka7 41. Kb2 Kxa6 42. c4 Rh3 43. c3 Kb6 44.
Kb3 Kc6 45. Re6+ Kc5 46. Rxh6 e3 47. Re6 Rxh5 48. Rxe3 Rh1 49. Re5+ Kc6 50.
Kc2 Kd6 51. Rf5 Kc6 52. Rg5 Rf1 53. Ra5 Rh1 54. Re5 Kd6 55. Rf5 Kc6 56. Rf8
Rg1 57. Re8 Rh1 58. Rc8+ Kd7 59. Rg8 Kc6 60. Rg5 Rf1 61. c5 Rh1 62. Kb3 Rh4
63. Rf5 Rg4 64. Rh5 Rf4 65. c4 Rf1 66. Kc2 1/2-1/2

[Event "4NCL 2009-10"]
[Site "Sunningdale ENG"]
[Date "2010.05.02"]
[Round "10"]
[White "Parker,J"]
[Black "Howell,D"]
[Result "1-0"]
[WhiteElo "2523"]
[BlackElo "2613"]
[EventDate "2009.10.24"]

1. d4 Nf6 2. c4 g6 3. Nc3 d5 4. Nf3 Bg7 5. e3 O-O 6. b4 b6 7. Ba3 Bb7 8.
Rc1 Nbd7 9. cxd5 Nxd5 10. Nxd5 Bxd5 11. Bc4 c6 12. Bxd5 cxd5 13. Qb3 e6 14.
b5 Re8 15. Bb4 a6 16. a4 axb5 17. axb5 e5 18. O-O e4 19. Nd2 Qg5 20. Rc6
Re6 21. Rxe6 fxe6 22. Nxe4 Qd8 23. Nd2 Qc8 24. Ba3 Ra5 25. Rc1 Qa8 26. Nb1
Bf8 27. Bb2 Ra4 28. Qd3 Ra2 29. Qc2 Nf6 30. Nc3 Ra5 31. Qb3 Ne8 32. e4 Nc7
33. Re1 dxe4 34. h3 Be7 35. d5 exd5 36. Rxe4 Bf6 37. Re1 Kg7 38. Ne4 dxe4
39. Bxf6+ Kxf6 40. Qc3+ Ke6 41. Qxc7 Rxb5 42. Rc1 Qe8 43. Qxh7 Rc5 44. Re1
Re5 45. Qc7 Qb5 46. Qg7 g5 47. Qg6+ Kd5 48. Rd1+ Kc4 49. Rc1+ Kd5 50. Rd1+
Kc4 51. Qd6 Qb2 52. Qc6+ Rc5 53. Qxe4+ Kb3 54. Qd3+ Kb4 55. Kh2 Rc2 56.
Qe4+ Kb5 57. Qd5+ Rc5 58. Qd7+ Kb4 59. Rd4+ Kb3 60. Qe6+ Ka3 61. Rd3+ Ka4
62. Qe4+ Ka5 63. Rd8 Qb3 64. Ra8+ Kb5 65. Ra1 Rc2 66. Qf5+ Rc5 67. Qg6 Rc6
68. Qxg5+ Rc5 69. Qg6 Rc2 70. Qe8+ Kc5 71. Qe7+ Kb5 72. Qe5+ Kc6 73. Ra7
Rc5 74. Qe8+ 1-0

[Event "4NCL 2009-10"]
[Site "Sunningdale ENG"]
[Date "2010.05.02"]
[Round "10"]
[White "Hebden,M"]
[Black "Turner,Ma"]
[Result "1/2-1/2"]
[WhiteElo "2503"]
[BlackElo "2508"]
[EventDate "2009.10.24"]

1. d4 Nf6 2. Nf3 d5 3. c4 c6 4. e3 Bf5 5. Nc3 e6 6. Nh4 Be4 7. f3 Bg6 8.
Nxg6 hxg6 9. Qb3 Qb6 10. Qc2 Nbd7 11. Bd2 Bb4 12. O-O-O c5 13. Kb1 cxd4 14.
exd4 dxc4 15. Bxc4 Rc8 16. Bb3 O-O 17. h4 Bxc3 18. Bxc3 Nd5 19. Bxd5 exd5
20. h5 Rfe8 21. hxg6 Qxg6 22. Qxg6 fxg6 23. Rde1 Kf7 24. Bb4 Nb8 25. a4 Nc6
26. Bc3 Rxe1+ 27. Rxe1 Re8 28. Rxe8 Kxe8 29. Kc2 a6 30. Kd3 Kf7 31. Bd2 b5
32. axb5 axb5 33. Bf4 Kf6 34. Bd6 Ke6 35. Bf8 Kf7 36. Bc5 Kf6 37. Ke3 Kf5
38. Bf8 Kf6 39. Bd6 Ke6 40. Bc7 Kf6 41. Kf4 Ke6 42. Ke3 1/2-1/2

[Event "4NCL 2009-10"]
[Site "Sunningdale ENG"]
[Date "2010.05.02"]
[Round "10"]
[White "Ferguson,M"]
[Black "Flear,G"]
[Result "1-0"]
[WhiteElo "2410"]
[BlackElo "2497"]
[EventDate "2009.10.24"]

1. e4 e5 2. Nf3 Nc6 3. Nc3 Nf6 4. Bb5 Bd6 5. d3 h6 6. a3 b6 7. Ne2 Bb7 8.
Ng3 g6 9. h3 Qe7 10. c3 O-O-O 11. O-O Ne8 12. Re1 Qf6 13. d4 exd4 14. cxd4
Bxg3 15. fxg3 d5 16. e5 Qe6 17. Bd2 Kb8 18. a4 Ng7 19. a5 a6 20. Bd3 b5 21.
Rc1 Nf5 22. Bxf5 gxf5 23. Rc5 Rhg8 24. Kh2 Rc8 25. Qc2 Qg6 26. Bf4 Nxa5 27.
e6 fxe6 28. Rxc7 Ka8 29. Ne5 Qe8 30. b3 Rxc7 31. Qxc7 Qd8 32. Qc3 Qb6 33.
Nd7 Qd8 34. Nc5 e5 35. Rxe5 Nc6 36. Re6 Qc8 37. Rxh6 b4 38. Qd3 Rh8 39. Rf6
Re8 40. Nxb7 Kxb7 41. Rxf5 Qe6 42. Be5 1-0

[Event "4NCL 2009-10"]
[Site "Sunningdale ENG"]
[Date "2010.05.02"]
[Round "10"]
[White "Emms,J"]
[Black "Collins,S IRL"]
[Result "0-1"]
[WhiteElo "2484"]
[BlackElo "2431"]
[EventDate "2009.10.24"]

1. e4 e5 2. Bc4 Nf6 3. d3 Nc6 4. Nf3 Bc5 5. c3 a6 6. Bb3 Ba7 7. O-O d6 8.
Re1 Ng4 9. Re2 Qf6 10. Nbd2 g5 11. d4 Bd7 12. Nf1 Rg8 13. Ne3 O-O-O 14. Nd5
Qh6 15. Be3 f5 16. h3 Nxe3 17. fxe3 g4 18. hxg4 fxe4 19. Nh2 Bxg4 20. Qd2
Bxe2 21. Qxe2 Rg5 22. Rf1 Rf8 23. Ng4 Qg7 24. Nh2 Rg8 25. Rf2 exd4 26. exd4
Nxd4 27. cxd4 Bxd4 28. Nf4 Rxg2+ 0-1

[Event "4NCL 2009-10"]
[Site "Sunningdale ENG"]
[Date "2010.05.02"]
[Round "10"]
[White "Cox,JohnJ"]
[Black "Hunt,H"]
[Result "1-0"]
[WhiteElo "2378"]
[BlackElo "2452"]
[EventDate "2009.10.24"]

1. c4 e5 2. g3 Nc6 3. Nc3 d6 4. Bg2 Be6 5. d3 Qd7 6. Rb1 g6 7. b4 Bg7 8. b5
Nd8 9. Nd5 c6 10. bxc6 bxc6 11. Nc3 Ne7 12. Nf3 O-O 13. Ng5 Bf5 14. e4 Bg4
15. f3 Be6 16. O-O Rc8 17. Qa4 h6 18. Nxe6 Nxe6 19. Bh3 Rc7 20. Rf2 f5 21.
Qa5 Nd4 22. Ne2 Nxe2+ 23. Rxe2 d5 24. Re1 Rfc8 25. Be3 Qe6 26. Rec1 dxe4
27. dxe4 Rd7 28. Rd1 Rcc7 29. Qa6 Kh7 30. Bc5 Ng8 31. Qa4 Rf7 32. Rd3 Qe8
33. Rbd1 Rc8 34. Bd6 Bf8 35. c5 Qe6 36. Qb3 Qxb3 37. axb3 Re8 38. Ra1 fxe4
39. fxe4 Nf6 40. Bg2 Bxd6 41. Rxd6 Rb8 42. Ra3 Rb4 43. Rxc6 Nxe4 44. Bxe4
Rxe4 45. Rca6 Re1+ 46. Kg2 Re2+ 47. Kh3 g5 48. Rxa7 Rxa7 49. Rxa7+ Kg6 50.
Kg4 h5+ 51. Kf3 Rc2 52. b4 Kf5 53. Ra3 h4 54. Rb3 g4+ 55. Ke3 hxg3 56. hxg3
Rg2 57. Rb1 Rxg3+ 58. Kd2 Ke4 59. c6 Rd3+ 60. Kc2 Rd4 61. Kb3 Rd3+ 62. Kc4
1-0